00979nam a22002177a 4500003000400000005001700004008004100021022001300062040001800075082001800093110003700111245010400148260005200252300001400304440010200318440006200420440004200482650007100524650010000595650006600695OSt20240705111731.0240705b ||||| |||| 00| 0 eng d 20974858X cAIMIT LIBRARY a005.129bFUZS aDepartment of Management Science aInternational journal of : bfuzzy systems and rough systems /cBy Department of Management Science aNew Delhi ;bSerials Publications ,c2013,2014. bHBc28 cm aInternational journal of :fuzzy systems and rough systemsvVol.6 No.1-2 /2013, Vol.7 No.1-2/2014. vVol.8 No.1-2/2015, Vol.9 No.1-2/2016, Vol.10 No.1-2/2017. vVol.4 No.1-2/2011, Vol.5 No.1-2/2012. aA method of vague search to answer queries in relational databases aNumerical solution of takagi- sugeno fuzzy model based state equations via orthogonal functions aImpact of deforestation on IWRM : use of fuzzy EIA evaluation